[Event "XLIII C.to Italiano a squadre Master"]
[Site "Spoleto ITA"]
[Date "2011.04.28"]
[Round "1"]
[White "Antoniewski, Rafal"]
[Black "Radulski, Julian"]
[Result "1/2-1/2"]
[WhiteElo "2604"]
[BlackElo "2586"]
[PlyCount "67"]
[EventDate "2011.04.28"]

1. e4 e5 2. Nf3 Nc6 3. Bc4 Nf6 4. d3 Be7 5. O-O O-O 6. Re1 d6 7. a4 a5 8. h3
Nd7 9. Nc3 Nb6 10. Ba2 Nb4 11. Bb3 Be6 12. Bxe6 fxe6 13. Be3 Nd7 14. d4 Bf6 15.
d5 Qe7 16. Qd2 Kh8 17. Rad1 exd5 18. Nxd5 Nxd5 19. Qxd5 b6 20. Rd3 Qe8 21. Qc6
Rc8 22. Red1 Qf7 23. Rc3 h6 24. b3 Nc5 25. Bxc5 bxc5 26. Qa6 Ra8 27. Qe2 Qg6
28. Nd2 Bg5 29. Rg3 Qh7 30. Nc4 Rf4 31. Rg4 Rf7 32. h4 Bf4 33. h5 Rf6 34. Rd3
1/2-1/2

[Event "XLIII C.to Italiano a squadre Master"]
[Site "Spoleto ITA"]
[Date "2011.04.28"]
[Round "1"]
[White "Arlandi, Ennio"]
[Black "Laketic, Gojko"]
[Result "1/2-1/2"]
[WhiteElo "2425"]
[BlackElo "2452"]
[PlyCount "82"]
[EventDate "2011.04.28"]

1. d4 d5 2. c4 c6 3. Nf3 Nf6 4. e3 e6 5. Bd3 Nbd7 6. O-O Bd6 7. Nbd2 c5 8. b3
cxd4 9. exd4 b6 10. Bb2 Bb7 11. Qe2 Nh5 12. g3 O-O 13. Ne5 Nhf6 14. Rac1 Qe7
15. Bb1 Rfd8 16. cxd5 Nxd5 17. Nc6 Bxc6 18. Rxc6 Rac8 19. Rfc1 Rxc6 20. Rxc6
N7f6 21. Nc4 Bb4 22. Ne5 Qb7 23. Bd3 Bd6 24. Ba6 Qe7 25. Rc1 Bxe5 26. dxe5 Nd7
27. h4 Nc5 28. Ba3 g6 29. Qe1 Rd7 30. Bxc5 bxc5 31. Qa5 Rc7 32. Bf1 h5 33. Qb5
Kg7 34. Bg2 Rc8 35. Qa6 Nb6 36. a4 c4 37. Rxc4 Nxc4 38. Qxc8 Nxe5 39. Qc3 f6
40. b4 Qd6 41. Qb3 Qd4 1/2-1/2

[Event "XLIII C.to Italiano a squadre Master"]
[Site "Spoleto ITA"]
[Date "2011.04.28"]
[Round "1"]
[White "Bentivegna, Francesco"]
[Black "Borgo, Giulio"]
[Result "1/2-1/2"]
[WhiteElo "2317"]
[BlackElo "2401"]
[PlyCount "91"]
[EventDate "2011.04.28"]

1. e4 d5 2. exd5 Qxd5 3. Nc3 Qa5 4. Bc4 Nf6 5. d3 c6 6. Bd2 Qc7 7. Nf3 Nbd7 8.
d4 e6 9. O-O Bd6 10. Re1 O-O 11. Qe2 Nb6 12. Bd3 Nbd5 13. Ne4 Nf4 14. Nxf6+
gxf6 15. Bxf4 Bxf4 16. g3 Bh6 17. Rad1 Bg7 18. c4 Rd8 19. Bb1 Qa5 20. d5 cxd5
21. cxd5 exd5 22. Nd4 f5 23. Nxf5 Bxf5 24. Bxf5 h6 25. a3 Qb6 26. Rd2 Rd6 27.
Rc1 Rad8 28. Bb1 Kf8 29. b4 a5 30. b5 Re6 31. Qd3 Re5 32. a4 Qd6 33. Re2 Rde8
34. Rce1 Rxe2 35. Rxe2 Rxe2 36. Qxe2 Qb4 37. Bc2 Qc5 38. Bb3 Bd4 39. Qf3 b6 40.
Kg2 Qd6 41. Bxd5 Qf6 42. Qe2 Bc5 43. h4 Kg7 44. Qg4+ Qg6 45. Qd7 Qf6 46. Qg4+
1/2-1/2

[Event "XLIII C.to Italiano a squadre Master"]
[Site "Spoleto ITA"]
[Date "2011.04.28"]
[Round "1"]
[White "Bonafede, Alessandro"]
[Black "Mogranzini, Roberto"]
[Result "1/2-1/2"]
[WhiteElo "2389"]
[BlackElo "2437"]
[PlyCount "81"]
[EventDate "2011.04.28"]

1. e4 c5 2. b4 cxb4 3. a3 b3 4. cxb3 d5 5. exd5 Nf6 6. Bb5+ Nbd7 7. Nc3 g6 8.
Bb2 Bg7 9. d6 O-O 10. Nf3 exd6 11. O-O a6 12. Be2 b5 13. b4 Bb7 14. a4 bxa4 15.
Nxa4 Re8 16. Ra3 Nd5 17. Bxg7 Kxg7 18. Bc4 Qf6 19. Bxd5 Bxd5 20. Re3 Bxf3 21.
Rxf3 Qd4 22. Qa1 Qxa1 23. Rxa1 Rab8 24. Rf4 Ne5 25. h3 Nd3 26. Rd4 Nxb4 27.
Rxd6 Red8 28. Rxd8 Rxd8 29. Nc5 Rxd2 30. Nxa6 Nd3 31. Rf1 Rc2 32. g3 f5 33. Kg2
f4 34. Kf3 g5 35. h4 gxh4 36. gxf4 Rc4 37. Rh1 h3 38. Rxh3 Rxf4+ 39. Ke3 Ra4
40. Rg3+ Kf7 41. Kxd3 1/2-1/2

[Event "XLIII C.to Italiano a squadre Master"]
[Site "Spoleto ITA"]
[Date "2011.04.28"]
[Round "1"]
[White "Braga, Fernando Alberto"]
[Black "Malloni, Marcello"]
[Result "1/2-1/2"]
[WhiteElo "2447"]
[BlackElo "2284"]
[PlyCount "89"]
[EventDate "2011.04.28"]

1. Nf3 Nf6 2. c4 e6 3. g3 b6 4. Bg2 Bb7 5. O-O Be7 6. Nc3 c5 7. Re1 a6 8. e4 d6
9. d4 cxd4 10. Nxd4 Qc7 11. Bf4 Nbd7 12. Bxd6 Qxd6 13. e5 Qc7 14. exf6 Nxf6 15.
Nd5 exd5 16. Nf5 Ne4 17. cxd5 O-O 18. Bxe4 Bf6 19. d6 Qd7 20. Ne7+ Kh8 21. Bxb7
Qxb7 22. Rc1 Rad8 23. Nc6 Rd7 24. b3 h6 25. Ne5 Bxe5 26. Rxe5 Rfd8 27. Rd5 b5
28. Qd4 Kg8 29. b4 Kf8 30. Rc7 Rxc7 31. dxc7 Rxd5 32. c8=Q+ Qxc8 33. Qxd5 Ke7
34. Kg2 Qe6 35. Qb7+ Kf6 36. a3 g6 37. h4 h5 38. Qf3+ Ke5 39. Qe3+ Kd5 40. Qc5+
Ke4 41. Qc3 Kf5 42. Qf3+ Ke5 43. Qe3+ Kd5 44. Qc5+ Ke4 45. Qe3+ 1/2-1/2

[Event "XLIII C.to Italiano a squadre Master"]
[Site "Spoleto ITA"]
[Date "2011.04.28"]
[Round "1"]
[White "Caprio, Guido"]
[Black "Shytaj, Luca"]
[Result "1/2-1/2"]
[WhiteElo "2299"]
[BlackElo "2475"]
[PlyCount "84"]
[EventDate "2011.04.28"]

1. e4 c5 2. Nf3 d6 3. d4 Nf6 4. Nc3 cxd4 5. Nxd4 Bd7 6. f3 e6 7. Be3 a6 8. Qd2
Be7 9. g4 b5 10. O-O-O Nc6 11. g5 Nh5 12. Nce2 Qa5 13. Qxa5 Nxa5 14. Ng3 Nxg3
15. hxg3 Rc8 16. Rd2 Kf8 17. Rdh2 Kg8 18. b3 Nc6 19. Nxc6 Bxc6 20. Bd3 g6 21.
f4 f6 22. gxf6 Bxf6 23. g4 Bc3 24. f5 exf5 25. gxf5 Re8 26. fxg6 hxg6 27. Rxh8+
Bxh8 28. Rg1 Bxe4 29. Bxe4 Rxe4 30. Rxg6+ Kf7 31. Rg3 Be5 32. Rf3+ Ke6 33. Kd2
a5 34. Kd3 Rh4 35. Bd2 a4 36. Bc3 Kd5 37. a3 Rh1 38. bxa4 bxa4 39. Bd2 Rh4 40.
Bc3 Rc4 41. Kd2 Rh4 42. Kd3 Rc4 1/2-1/2

[Event "XLIII C.to Italiano a squadre Master"]
[Site "Spoleto ITA"]
[Date "2011.04.28"]
[Round "1"]
[White "D'Amore, Carlo"]
[Black "Genocchio, Daniele"]
[Result "1-0"]
[WhiteElo "2505"]
[BlackElo "2433"]
[PlyCount "65"]
[EventDate "2011.04.28"]

1. Nf3 c5 2. g3 Nc6 3. Bg2 g6 4. d4 cxd4 5. Nxd4 Bg7 6. Nb3 Nf6 7. O-O O-O 8.
c4 d6 9. Nc3 Be6 10. Nd5 Rc8 11. Rb1 Bf5 12. Nxf6+ Bxf6 13. e4 Be6 14. Bh6 Bxc4
15. Bxf8 Kxf8 16. Bh3 Rb8 17. Re1 b5 18. Nc1 b4 19. b3 Bb5 20. Bf1 Bc3 21. Re3
Bd4 22. Bxb5 Rxb5 23. Re2 d5 24. Nd3 dxe4 25. Rxe4 Qd5 26. Qe2 f5 27. Re6 Rb6
28. Nf4 Qd7 29. Rd1 Nd8 30. Rxd4 Qxd4 31. Rxe7 Rd6 32. Re8+ Kf7 33. Qe7# 1-0

[Event "XLIII C.to Italiano a squadre Master"]
[Site "Spoleto ITA"]
[Date "2011.04.28"]
[Round "1"]
[White "De Filomeno, Simone"]
[Black "Vezzosi, Paolo"]
[Result "1/2-1/2"]
[WhiteElo "2259"]
[BlackElo "2370"]
[PlyCount "116"]
[EventDate "2011.04.28"]

1. e4 e6 2. d4 d5 3. Nc3 Bb4 4. e5 Ne7 5. a3 Bxc3+ 6. bxc3 b6 7. a4 Ba6 8. Bxa6
Nxa6 9. Qd3 Nb8 10. Nf3 Nbc6 11. Ba3 Na5 12. Nd2 Nf5 13. Bb4 Nc6 14. a5 Nxb4
15. cxb4 O-O 16. b5 c6 17. bxc6 Rc8 18. axb6 axb6 19. Nf3 Rxc6 20. c3 Qc7 21.
Kd2 Rc8 22. Ra3 Qd8 23. h4 h6 24. g4 Ne7 25. h5 Rc4 26. Rg1 b5 27. g5 hxg5 28.
Nxg5 Nf5 29. h6 Qe7 30. Rb3 b4 31. Rxb4 Rxb4 32. h7+ Kh8 33. cxb4 f6 34. exf6
gxf6 35. Nf3 Qxb4+ 36. Ke2 Qb2+ 37. Kf1 Rc1+ 38. Kg2 Rxg1+ 39. Kxg1 Kxh7 40.
Qa6 Qb1+ 41. Qf1 Qxf1+ 42. Kxf1 Kg6 43. Kg2 Nd6 44. Nd2 Nb5 45. Nb3 Kf5 46. Kf3
e5 47. dxe5 fxe5 48. Ke3 Nd6 49. Nc5 Nc4+ 50. Ke2 Kf4 51. f3 Nd6 52. Ne6+ Kg3
53. Nc7 d4 54. Ne6 Nb5 55. Ng5 Nc3+ 56. Kd3 Nb5 57. Ke4 Nc3+ 58. Kd3 Kf4
1/2-1/2

[Event "XLIII C.to Italiano a squadre Master"]
[Site "Spoleto ITA"]
[Date "2011.04.28"]
[Round "1"]
[White "De Santis, Alessio"]
[Black "Collutiis, Duilio"]
[Result "1/2-1/2"]
[WhiteElo "2295"]
[BlackElo "2472"]
[PlyCount "28"]
[EventDate "2011.04.28"]

1. b3 d5 2. Bb2 Bg4 3. g3 Nc6 4. h3 Bh5 5. Nf3 f6 6. d4 Qd7 7. Bg2 Nh6 8. Nbd2
Nf7 9. c4 O-O-O 10. cxd5 Qxd5 11. O-O Qd7 12. b4 e5 13. dxe5 Ncxe5 14. Qb3 Qb5
1/2-1/2

[Event "XLIII C.to Italiano a squadre Master"]
[Site "Spoleto ITA"]
[Date "2011.04.28"]
[Round "1"]
[White "Dvirnyy, Danyyil"]
[Black "Socko, Bartosz"]
[Result "0-1"]
[WhiteElo "2448"]
[BlackElo "2660"]
[PlyCount "117"]
[EventDate "2011.04.28"]

1. e4 e6 2. d4 d5 3. Nc3 Bb4 4. e5 c5 5. a3 Bxc3+ 6. bxc3 Ne7 7. Nf3 b6 8. Bb5+
Bd7 9. Bd3 Ba4 10. h4 Qc7 11. O-O h6 12. Bf4 Nd7 13. Qd2 O-O-O 14. Rfe1 Kb7 15.
Bg3 Qc6 16. Rab1 Rc8 17. dxc5 Nxc5 18. Nd4 Qc7 19. Rb4 Bd7 20. c4 Nxd3 21. cxd3
Ka8 22. Qf4 Rhf8 23. Qg4 Rg8 24. Qf3 Rgf8 25. Qg4 g6 26. Qf3 Qb7 27. Bf4 a5 28.
Rbb1 dxc4 29. Bxh6 Qxf3 30. Nxf3 Rh8 31. Be3 b5 32. dxc4 Rxc4 33. Nd4 Nd5 34.
g3 Rb8 35. Nb3 a4 36. Nc5 Bc6 37. Na6 Rc8 38. Bd2 Rd4 39. Rb2 Bb7 40. Nb4 Nc3
41. Be3 Rd1 42. Rxd1 Nxd1 43. Rc2 Rxc2 44. Nxc2 Be4 45. Nb4 Nxe3 46. fxe3 Kb7
47. Kf2 Kb6 48. Ke2 Kc5 49. Kd2 Kc4 50. Na6 Bb7 51. Nb4 Kb3 52. Nc2 Be4 53. Nb4
Kb2 54. Na6 Kxa3 55. Kc3 Ka2 56. Nc5 Bf3 57. e4 a3 58. Nb3 b4+ 59. Kd4 0-1

[Event "XLIII C.to Italiano a squadre Master"]
[Site "Spoleto ITA"]
[Date "2011.04.28"]
[Round "1"]
[White "Efimov, Igor"]
[Black "Bontempi, Piero"]
[Result "1-0"]
[WhiteElo "2415"]
[BlackElo "2351"]
[PlyCount "85"]
[EventDate "2011.04.28"]

1. d4 d5 2. Nf3 Bf5 3. g3 e6 4. Bg2 Nf6 5. O-O Be7 6. c4 Nc6 7. Ne5 Nxe5 8.
dxe5 Ne4 9. cxd5 exd5 10. Qb3 Rb8 11. Be3 b6 12. Nc3 Nxc3 13. bxc3 c6 14. c4
dxc4 15. Bxc6+ Kf8 16. Qxc4 Rc8 17. Qa4 h5 18. Rac1 Qc7 19. Qf4 g6 20. Be4 Qd7
21. Bxf5 gxf5 22. Rxc8+ Qxc8 23. Rc1 Qe6 24. Qc4 Qg6 25. Qd5 Kg7 26. Qd7 f4 27.
Bxf4 Bc5 28. h4 Rg8 29. Rd1 Kh7 30. Qd3 Rc8 31. Qxg6+ Kxg6 32. Rd7 b5 33. Kg2
a5 34. Rb7 b4 35. Rb5 a4 36. Bd2 a3 37. Kf3 Bf8 38. Bxb4 Bxb4 39. Rxb4 Rc2 40.
Rb6+ Kf5 41. Ra6 Rxa2 42. e4+ Kxe5 43. Ke3 1-0

[Event "XLIII C.to Italiano a squadre Master"]
[Site "Spoleto ITA"]
[Date "2011.04.28"]
[Round "1"]
[White "Fiore, Mario"]
[Black "Damia, Angelo"]
[Result "1-0"]
[WhiteElo "2232"]
[BlackElo "2334"]
[PlyCount "65"]
[EventDate "2011.04.28"]

1. e4 Nf6 2. e5 Nd5 3. d4 d6 4. Nf3 g6 5. Bc4 Nb6 6. Bb3 Bg7 7. Ng5 d5 8. f4
O-O 9. O-O f6 10. Ne4 a5 11. a4 c6 12. Nbd2 Na6 13. c3 Be6 14. Ng3 Qd7 15. f5
Bxf5 16. Nxf5 gxf5 17. Nf3 fxe5 18. Nxe5 Bxe5 19. dxe5 Qe6 20. Qd4 Nd7 21. Bf4
Nac5 22. Ba2 Qg6 23. Rf3 Ne6 24. Qe3 Kh8 25. Rg3 Qf7 26. Rf1 Rg8 27. Bh6 Rxg3
28. hxg3 Rg8 29. Bb1 Ng7 30. e6 Nxe6 31. Bxf5 Ndf8 32. Bxe6 Qxe6 33. Qd4+ 1-0

[Event "XLIII C.to Italiano a squadre Master"]
[Site "Spoleto ITA"]
[Date "2011.04.28"]
[Round "1"]
[White "Georgiev, Kiril D."]
[Black "Lanzani, Mario"]
[Result "1-0"]
[WhiteElo "2666"]
[BlackElo "2373"]
[PlyCount "79"]
[EventDate "2011.04.28"]

1. d4 Nf6 2. c4 g6 3. Nc3 d5 4. Bg5 Bg7 5. Bxf6 Bxf6 6. cxd5 c6 7. e4 cxd5 8.
Bb5+ Bd7 9. Bxd7+ Qxd7 10. exd5 O-O 11. Nf3 Qd6 12. Qb3 Qa6 13. O-O-O Nd7 14.
Kb1 Rfd8 15. Rhe1 Nb6 16. Ne5 Qa5 17. d6 e6 18. Nb5 Nd5 19. Rc1 Rab8 20. Red1
a6 21. Na3 Qb4 22. Qxb4 Nxb4 23. Rc7 Rxd6 24. Nac4 Bxe5 25. Nxe5 Rbd8 26. a3
Nc6 27. Nxf7 R8d7 28. Nxd6 Rxc7 29. Rc1 Rd7 30. Nxb7 Nxd4 31. Nc5 Rf7 32. f3 a5
33. Rc4 e5 34. Nd3 Re7 35. Nxe5 Rxe5 36. Rxd4 Re2 37. Rg4 Kg7 38. h4 h5 39. Rg5
a4 40. g4 1-0

[Event "XLIII C.to Italiano a squadre Master"]
[Site "Spoleto ITA"]
[Date "2011.04.28"]
[Round "1"]
[White "Manca, Federico"]
[Black "Ferro, Mario"]
[Result "1-0"]
[WhiteElo "2399"]
[BlackElo "2242"]
[PlyCount "78"]
[EventDate "2011.04.28"]

1. e4 b6 2. d4 Bb7 3. Nc3 e6 4. Nf3 Bb4 5. Bd3 Nf6 6. Qe2 d5 7. e5 Ne4 8. Bd2
Bxc3 9. bxc3 Nxd2 10. Nxd2 c5 11. Qg4 g6 12. h4 h5 13. Qf4 cxd4 14. cxd4 Ba6
15. Nf3 Bxd3 16. cxd3 Nc6 17. Ng5 Qe7 18. O-O O-O 19. Rae1 Nb4 20. Re3 f6 21.
Nh3 Qg7 22. exf6 Rxf6 23. Qd6 Qf8 24. Qd7 Qe8 25. Qc7 Nc6 26. Ng5 Nxd4 27. Qh7+
Kf8 28. Qh8+ Ke7 29. Qg7+ Qf7 30. Nxf7 Nf5 31. Qh7 Rxf7 32. Qxg6 Nxe3 33. fxe3
Rxf1+ 34. Kxf1 Rc8 35. Qxh5 Rc1+ 36. Kf2 Rc2+ 37. Kf3 Rxa2 38. Qg5+ Kd7 39. h5
Ke8 1-0

[Event "XLIII C.to Italiano a squadre Master"]
[Site "Spoleto ITA"]
[Date "2011.04.28"]
[Round "1"]
[White "Mantovani, Renzo"]
[Black "Vocaturo, Daniele"]
[Result "0-1"]
[WhiteElo "2343"]
[BlackElo "2564"]
[PlyCount "60"]
[EventDate "2011.04.28"]

1. g3 Nf6 2. Bg2 e6 3. Nf3 d5 4. O-O Be7 5. d4 O-O 6. c4 b6 7. cxd5 exd5 8. Nc3
Bb7 9. Bg5 h6 10. Bxf6 Bxf6 11. Rc1 Re8 12. b4 Nc6 13. a3 a6 14. e3 Qd6 15. Ne1
Ne7 16. Nd3 Rad8 17. Qb3 h5 18. h4 g6 19. Nf4 Bg7 20. Rfe1 Bh6 21. Nd3 Nf5 22.
Ne2 Bxe3 23. fxe3 Rxe3 24. Qc2 Rde8 25. Qxc7 Rxe2 26. Rxe2 Rxe2 27. Ne5 Qf6 28.
Qxf7+ Qxf7 29. Nxf7 Re7 30. Ne5 Kg7 0-1

[Event "XLIII C.to Italiano a squadre Master"]
[Site "Spoleto ITA"]
[Date "2011.04.28"]
[Round "1"]
[White "Martorelli, Antonio"]
[Black "David, Alberto"]
[Result "0-1"]
[WhiteElo "2234"]
[BlackElo "2592"]
[PlyCount "48"]
[EventDate "2011.04.28"]

1. e4 c5 2. Nf3 e6 3. d4 cxd4 4. Nxd4 a6 5. Be2 Nf6 6. Nc3 d6 7. O-O Nc6 8. Be3
Be7 9. f4 O-O 10. Qe1 Nxd4 11. Bxd4 b5 12. Rd1 Qc7 13. e5 dxe5 14. fxe5 Nd7 15.
Ne4 Bb7 16. Nf6+ Kh8 17. Bf3 gxf6 18. exf6 Bc5 19. Bxb7 Qxb7 20. Bxc5 Rg8 21.
Rf2 Nxc5 22. Rd4 Rg6 23. Rfd2 Rag8 24. Qe2 e5 0-1

[Event "XLIII C.to Italiano a squadre Master"]
[Site "Spoleto ITA"]
[Date "2011.04.28"]
[Round "1"]
[White "Olszewski, Michal"]
[Black "Godena, Michele"]
[Result "1-0"]
[WhiteElo "2542"]
[BlackElo "2526"]
[PlyCount "69"]
[EventDate "2011.04.28"]

1. d4 d5 2. c4 dxc4 3. e4 e5 4. Nf3 Bb4+ 5. Nc3 exd4 6. Nxd4 Nd7 7. Bxc4 Ngf6
8. O-O O-O 9. Bg5 c6 10. Nf3 Qa5 11. Bxf6 Nxf6 12. e5 Bxc3 13. bxc3 Nd5 14.
Bxd5 Qxd5 15. Qxd5 cxd5 16. Nd4 Bd7 17. f4 Rfc8 18. Rf3 Rc5 19. f5 Rac8 20. Rb1
b5 21. e6 Be8 22. f6 Rxc3 23. Rxc3 Rxc3 24. Nxb5 Rc6 25. Nd4 fxe6 26. Nxc6 Bxc6
27. Rb8+ Kf7 28. Rc8 Bb5 29. fxg7 Kxg7 30. Rc7+ Kf6 31. Rxa7 d4 32. a4 Bd3 33.
a5 e5 34. a6 Kf5 35. Rf7+ 1-0

[Event "XLIII C.to Italiano a squadre Master"]
[Site "Spoleto ITA"]
[Date "2011.04.28"]
[Round "1"]
[White "Ortega, Lexy"]
[Black "Contin, Daniel"]
[Result "1/2-1/2"]
[WhiteElo "2471"]
[BlackElo "2316"]
[PlyCount "78"]
[EventDate "2011.04.28"]

1. Nf3 Nf6 2. g3 b6 3. Bg2 Bb7 4. c4 c5 5. Nc3 g6 6. O-O Bg7 7. d4 cxd4 8. Nxd4
Qc7 9. b3 Bxg2 10. Kxg2 Qb7+ 11. f3 d5 12. cxd5 Nxd5 13. Nxd5 Qxd5 14. Be3 Nc6
15. Nxc6 Qxc6 16. Rc1 Qe6 17. Qd3 O-O 18. Rfd1 Rac8 19. Qe4 Be5 20. f4 Bd6 21.
Qxe6 fxe6 22. Kf3 Kf7 23. Ke4 Rfd8 24. g4 b5 25. g5 a6 26. h4 h5 27. gxh6 Rxc1
28. Rxc1 Rh8 29. Bc5 Bxc5 30. Rxc5 Rxh6 31. Rc6 Rxh4 32. Rxa6 g5 33. e3 g4 34.
Ra5 Rh2 35. a3 Ra2 36. Rxb5 Rxa3 37. Kd3 g3 38. Rg5 Rxb3+ 39. Ke4 Ra3 1/2-1/2

[Event "XLIII C.to Italiano a squadre Master"]
[Site "Spoleto ITA"]
[Date "2011.04.28"]
[Round "1"]
[White "Parpinel, Marco"]
[Black "Piscopo, Pierluigi"]
[Result "0-1"]
[WhiteElo "2146"]
[BlackElo "2420"]
[PlyCount "72"]
[EventDate "2011.04.28"]

1. e4 c5 2. Nf3 Nc6 3. Bb5 Nf6 4. Bxc6 dxc6 5. d3 g6 6. h3 Bg7 7. Nc3 O-O 8.
Bf4 b5 9. Rb1 c4 10. dxc4 b4 11. e5 bxc3 12. exf6 Bxf6 13. b3 Bf5 14. Qe2 e5
15. Bh6 e4 16. Nh2 Bg5 17. Bxg5 Qxg5 18. g4 Be6 19. Qe3 Qh4 20. O-O f5 21. Rbd1
Rae8 22. Rd6 fxg4 23. Qxe4 Qxh3 24. Rxe6 g3 25. Ng4 g2 26. Qxg2 Qxg2+ 27. Kxg2
Rxe6 28. Ne3 Rd6 29. f4 Rd2+ 30. Kf3 Rd4 31. Kg3 h5 32. f5 Kg7 33. c5 Re4 34.
Nc4 Rxf5 35. Rxf5 gxf5 36. Nd6 Rg4+ 0-1

[Event "XLIII C.to Italiano a squadre Master"]
[Site "Spoleto ITA"]
[Date "2011.04.28"]
[Round "1"]
[White "Salgado Lopez, Ivan"]
[Black "Ronchetti, Niccolo'"]
[Result "1-0"]
[WhiteElo "2630"]
[BlackElo "2416"]
[PlyCount "79"]
[EventDate "2011.04.28"]

1. e4 e5 2. Nf3 Nc6 3. Bb5 a6 4. Ba4 Nf6 5. Nc3 b5 6. Bb3 Be7 7. a4 b4 8. Nd5
Nxe4 9. d4 exd4 10. O-O O-O 11. Re1 Nc5 12. Nxd4 Bf6 13. Nxc6 dxc6 14. Nxf6+
Qxf6 15. Bc4 Be6 16. Bf1 Bd5 17. a5 Ne6 18. c4 bxc3 19. bxc3 Qxc3 20. Ra3 Qb4
21. Rg3 f6 22. Ba3 Qxa5 23. Bxf8 Rxf8 24. Qb1 Qc5 25. Qf5 Ng5 26. h4 g6 27. Qb1
Ne6 28. h5 g5 29. h6 Nf4 30. Qf5 Qd6 31. Rge3 Ng6 32. Bd3 a5 33. Re7 Rf7 34.
Re8+ Nf8 35. Bc2 Qc5 36. Rb1 Re7 37. Qxf6 Rf7 38. Qxg5+ Kh8 39. Qe5+ Kg8 40.
Qg3+ 1-0

[Event "XLIII C.to Italiano a squadre Master"]
[Site "Spoleto ITA"]
[Date "2011.04.28"]
[Round "1"]
[White "Salvetti, Alec"]
[Black "Rombaldoni, Denis"]
[Result "0-1"]
[WhiteElo "2262"]
[BlackElo "2498"]
[PlyCount "65"]
[EventDate "2011.04.28"]

1. c4 c6 2. Nf3 Nf6 3. g3 d5 4. Qc2 Nbd7 5. d4 Nb6 6. Nbd2 g6 7. Bg2 Bf5 8. Qb3
dxc4 9. Qc3 Bg7 10. Nxc4 Ne4 11. Qb4 Bxd4 12. O-O Nxc4 13. Qxc4 Bg7 14. Bf4 Nd6
15. Qb4 Qb6 16. Qxb6 axb6 17. Be5 O-O 18. Bxg7 Kxg7 19. Nd4 Bd7 20. Rfd1 Rfd8
21. b3 b5 22. Rd2 c5 23. Nc2 Ra7 24. a3 Be6 25. b4 b6 26. Rb1 Rc8 27. e4 Ba2
28. Ra1 Bb3 29. Rb1 Nc4 30. Re2 Bxc2 31. Rxc2 Nxa3 32. Ra2 Nxb1 33. Rxa7 0-1

[Event "XLIII C.to Italiano a squadre Master"]
[Site "Spoleto ITA"]
[Date "2011.04.28"]
[Round "1"]
[White "Stella, Andrea"]
[Black "Xia, Jie"]
[Result "1/2-1/2"]
[WhiteElo "2364"]
[BlackElo "2224"]
[PlyCount "116"]
[EventDate "2011.04.28"]

1. Nf3 d6 2. d4 Bg4 3. g3 Bxf3 4. exf3 c6 5. Bg2 g6 6. O-O Bg7 7. Re1 Nf6 8. c3
O-O 9. Qb3 Qc7 10. Bg5 h6 11. Bf4 Nbd7 12. c4 e5 13. dxe5 dxe5 14. Be3 Rfe8 15.
Nc3 Bf8 16. Qc2 Nc5 17. f4 exf4 18. Bxf4 Qd7 19. h3 Qd3 20. Qxd3 Nxd3 21. Rxe8
Nxe8 22. Rd1 Nxf4 23. gxf4 Nf6 24. Ne4 Kg7 25. Nxf6 Kxf6 26. Rd7 Rb8 27. f5
gxf5 28. Bf3 Ke6 29. Rd3 Bc5 30. Kf1 a5 31. Rb3 Kd6 32. Rd3+ Ke7 33. Rb3 Kd6
34. Rd3+ Ke5 35. Rd7 Kf4 36. Be2 f6 37. Rh7 b5 38. cxb5 cxb5 39. Rxh6 Bd4 40.
Rh4+ Ke5 41. b3 Rc8 42. Bd3 Rc1+ 43. Ke2 Ra1 44. f4+ Kd6 45. Bxb5 Rxa2+ 46. Kd3
Ba1 47. Rh5 Rh2 48. Bc4 Ke7 49. Rh7+ Kd6 50. Rh5 Ke7 51. Rxf5 Rxh3+ 52. Ke4 Bc3
53. Rb5 Rh4 54. Rb7+ Kd6 55. Rb6+ Kd7 56. Rb5 Kd6 57. Rb6+ Kd7 58. Rb5 Kd6
1/2-1/2

[Event "XLIII C.to Italiano a squadre Master"]
[Site "Spoleto ITA"]
[Date "2011.04.28"]
[Round "1"]
[White "Sutovsky, Emil"]
[Black "Salvador, Roland"]
[Result "1-0"]
[WhiteElo "2692"]
[BlackElo "2532"]
[PlyCount "55"]
[EventDate "2011.04.28"]

1. e4 c6 2. d4 d5 3. Nd2 dxe4 4. Nxe4 Nf6 5. Nxf6+ exf6 6. c3 Bd6 7. Bd3 O-O 8.
Qc2 h6 9. Ne2 Qc7 10. Be3 Nd7 11. Ng3 c5 12. Qd2 cxd4 13. cxd4 Nb6 14. Rc1 Qe7
15. O-O Nd5 16. Bxh6 Bxg3 17. hxg3 Rd8 18. Rfe1 Qd6 19. Re4 Qb4 20. Rh4 Qxd2
21. Bxd2 Be6 22. f3 g5 23. Rh6 Rac8 24. Re1 Kg7 25. Rh7+ Kg8 26. Kf2 Nb4 27.
Bxb4 Rxd4 28. Reh1 1-0

[Event "XLIII C.to Italiano a squadre Master"]
[Site "Spoleto ITA"]
[Date "2011.04.28"]
[Round "1"]
[White "Tomba, Ivan"]
[Black "Scalcione, Michelangelo"]
[Result "0-1"]
[WhiteElo "2259"]
[BlackElo "2344"]
[PlyCount "64"]
[EventDate "2011.04.28"]

1. e4 d6 2. Nc3 e5 3. f4 exf4 4. Bc4 Be6 5. Qe2 Nc6 6. Nf3 g5 7. h3 Bg7 8. Bxe6
fxe6 9. Qb5 h6 10. Qxb7 Nge7 11. Qb5 O-O 12. Qc4 d5 13. Qe2 d4 14. Nb5 Qd7 15.
d3 Ng6 16. b3 Nce5 17. a4 Rab8 18. Bb2 c5 19. O-O-O Rxb5 20. axb5 Qxb5 21. Rd2
a5 22. Kd1 a4 23. Ke1 axb3 24. cxb3 Qxb3 25. Kf2 c4 26. Nxd4 Qb6 27. dxc4 f3
28. Qe3 fxg2+ 29. Kxg2 Nh4+ 30. Kg3 Rf3+ 31. Qxf3 Nexf3 32. Nxf3 Qe3 0-1

[Event "XLIII C.to Italiano a squadre Master"]
[Site "Spoleto ITA"]
[Date "2011.04.28"]
[Round "1"]
[White "Zimina, Olga"]
[Black "Codenotti, Marco"]
[Result "1-0"]
[WhiteElo "2346"]
[BlackElo "2262"]
[PlyCount "67"]
[EventDate "2011.04.28"]

1. e4 c5 2. Nf3 Nc6 3. Bb5 e6 4. O-O Nge7 5. c3 a6 6. Be2 d5 7. exd5 Nxd5 8. d4
cxd4 9. Nxd4 Bd7 10. Bf3 Nxd4 11. Qxd4 Bc6 12. Re1 Ne7 13. Qg4 Bxf3 14. Qxf3
Qd5 15. Qg4 Qf5 16. Qg3 Nd5 17. Nd2 Rc8 18. Ne4 Nf6 19. Nxf6+ gxf6 20. Be3 h5
21. h3 Rh7 22. Rad1 Rg7 23. Qh4 Qf3 24. g3 Be7 25. Qa4+ Qc6 26. Qxc6+ Rxc6 27.
h4 Rg4 28. Rd4 f5 29. Red1 Bc5 30. Rd8+ Ke7 31. Bg5+ Rxg5 32. R1d7+ Kf6 33.
hxg5+ Kxg5 34. Rxf7 1-0

[Event "XLIII C.to Italiano a squadre Master"]
[Site "Spoleto ITA"]
[Date "2011.04.28"]
[Round "2"]
[White "Bellini, Fabio"]
[Black "Braga, Fernando Alberto"]
[Result "1/2-1/2"]
[WhiteElo "2500"]
[BlackElo "2447"]
[PlyCount "82"]
[EventDate "2011.04.28"]

1. e4 c5 2. Nf3 d6 3. Bb5+ Nd7 4. d4 Ngf6 5. O-O cxd4 6. Qxd4 e5 7. Qd3 h6 8.
Nh4 a6 9. Bxd7+ Bxd7 10. Re1 Be7 11. Nc3 O-O 12. Nf5 Bxf5 13. exf5 Rc8 14. Bd2
Qc7 15. Rac1 Qc6 16. Qh3 Nh7 17. Qd3 Nf6 18. Qh3 Nh7 19. Rcd1 Rfd8 20. Be3 Bf6
21. Qg4 Kf8 22. Qb4 b5 23. Re2 Qc4 24. Qxc4 Rxc4 25. Red2 Be7 26. Nd5 Nf6 27.
Nxf6 Bxf6 28. Rxd6 Rxd6 29. Rxd6 Rxc2 30. Rxa6 Rxb2 31. g3 h5 32. Bc5+ Ke8 33.
a3 Rc2 34. Bb4 Kd7 35. Rd6+ Kc7 36. h4 e4 37. Rd5 Kc6 38. Rd6+ Kc7 39. Rd5 Kc6
40. Rd6+ Kc7 41. Rd5 Kc6 1/2-1/2

[Event "XLIII C.to Italiano a squadre Master"]
[Site "Spoleto ITA"]
[Date "2011.04.28"]
[Round "2"]
[White "Bontempi, Piero"]
[Black "Manca, Federico"]
[Result "0-1"]
[WhiteElo "2351"]
[BlackElo "2399"]
[PlyCount "72"]
[EventDate "2011.04.28"]

1. e4 d6 2. d4 Nf6 3. Nc3 g6 4. Nf3 Bg7 5. Be2 O-O 6. O-O Bg4 7. Be3 Nc6 8. d5
Bxf3 9. Bxf3 Ne5 10. Be2 c5 11. a4 Qa5 12. Ra3 a6 13. f4 Ned7 14. Qe1 c4 15.
Qg3 Nc5 16. Qf3 Rab8 17. Rb1 Qc7 18. a5 Rbc8 19. g4 Rb8 20. Qg2 Rbc8 21. h4
Nfd7 22. h5 b5 23. axb6 Qxb6 24. g5 Qb4 25. hxg6 hxg6 26. Kf2 Rfe8 27. Ra2 Bxc3
28. bxc3 Qxb1 29. Bd4 Qxa2 30. Qh1 Nf6 31. gxf6 exf6 32. e5 dxe5 33. fxe5 fxe5
34. Be3 Qxc2 35. Qh6 Nd3+ 36. Kf3 e4+ 0-1